| 000 | 00465nam a2200157 i 4500 | ||
|---|---|---|---|
| 001 | 95319 | ||
| 003 | ES-MaACL | ||
| 005 | 20230906181659.0 | ||
| 007 | t| | ||
| 008 | 050526s1912 fr ||||1| fre d | ||
| 100 | 1 |
_aLuys, Georges. _974896 |
|
| 245 | 1 | 0 |
_aTraité de la blennorragie et de ses complications / _cpar Georges Luys. |
| 260 |
_aParis : _b[s.n.], _c1912 ( _fLibrairies-Imprimeries Reunies) |
||
| 300 |
_aX, 555 p. ; _c25 cm. |
||
| 852 |
_aES-MaACL _jB-12672 |
||
| 999 |
_c95319 _d95319 |
||